00777 2200289 4500001002100000005001500021035002000036007000300056008004100059040001700100082001600117084001800133090002000151100001300171245007300184260003100257300002400288500003200312650003100344850001200375041000800387990001800395990001800413990001800431990001800449990002000467INLIS00000000079435720191111094645 a0010-0818000240ta180808s1950 yoi g ind d aYOPDYOGbind04223a320.014 a320.014 SOE s aL 320.014 SOE s1 aSoegiono1 aSengketa korea :bcasus belli perang dunia III.? /cOleh S. Soegiono3 aKramat Raya :bPena,c1950 a28 halaman ;c21 cm aTeks dalam bahasa Indonesia 4aPropaganda Politik-- Korea aYOPDYOG0 aind a36802-PD/A.08 a36801-PD/A.08 a36801-PD/A.08 a36802-PD/A.08 a64407-PD/A.2019